| 000 | 00606nam a2200193 a 4500 | ||
|---|---|---|---|
| 001 | 3864 | ||
| 003 | CDMR | ||
| 005 | 20131218101923.0 | ||
| 008 | 130130s1982||||||||||||||||||||||||||||d | ||
| 040 |
_aCDMR _bcat _cCDMR |
||
| 245 | 0 |
_aAl estilo de ...Style _c The Washington Post |
|
| 260 |
_aMéxico _c1982 _bGernika |
||
| 300 | _a347 p. | ||
| 500 | _aRecull d'articles d'opinió i de cartes de lectors apareguts a The Washington Post els anys 70. | ||
| 610 | 2 |
_94137 _aWashington Post (Diari) |
|
| 650 | 0 | 4 |
_93419 _aDiaris _xSeccions, columnes, etc |
| 710 | 2 |
_94137 _aWashington Post (Diari) |
|
| 942 |
_cMON _2udc |
||
| 999 |
_c3864 _d3864 |
||